| 000 | 00796nam a22002297a 4500 | ||
|---|---|---|---|
| 003 | OSt | ||
| 005 | 20230127173234.0 | ||
| 008 | 221006b |||||||| |||| 00| 0 eng d | ||
| 022 | _a2500 8501 Agosto | ||
| 040 | _cBiblioteca Lado V | ||
| 082 |
_a741.5 _bA284m |
||
| 130 |
_9701 _aLa Minúscula Ensayística Ilustrada _lspa |
||
| 245 |
_aLa Minúscula Ensayística Ilustrada/ _bECFRASIS/ |
||
| 260 |
_bMincultura _aColombia _c2016 |
||
| 300 |
_c6x8cm _a52p. |
||
| 490 |
_aLa Minúscula Ensayística Ilustrada _vVolumen 3 Agosto |
||
| 650 | 0 |
_2Tesauro de Arte & Arquitectura _aDIBUJO _9702 |
|
| 650 |
_2Tesauro de Arte & Arquitectura _aARTE |
||
| 650 |
_2Tesauro de Arte & Arquitectura _aILUSTRACION |
||
| 700 |
_aAguirre, Camilo _eautor |
||
| 942 |
_2ddc _c1 _h741.5 _iA284m _n0 |
||
| 999 |
_c2991 _d2991 |
||